Cultural resource investigation : site location and delineation 41HR80 Harris County Boys School /

Bibliographic Details
Main Author: Daigle, Robert P.
Corporate Authors: CRC, International Archaeology & Ecology, Texas Antiquities Committee
Other Authors: Hryshechko, Nataliya V., Land, Susan (Archaeologist)
Format: Book
Language:English
Published: Spring,Tex : CRC, International Archaeology & Ecology, 2002.
Subjects:

MARC

Tag First Indicator Second Indicator Subfields
LEADER 00000cam a2200000Ia 4500
001 in00002115331
005 20151103051045.0
008 030409s2002 txuab b 000 0 eng d
035 |a (OCoLC)ocm52004100 
040 |a TXK  |c TXK  |d OCLCQ  |d TXA  |d UtOrBLW 
043 |a n-us-tx 
049 |a TXAM 
090 |a F392.H38  |b D356 2002 
100 1 |a Daigle, Robert P. 
245 1 0 |a Cultural resource investigation :  |b site location and delineation 41HR80 Harris County Boys School /  |c Robert P. d'Aigle, principal investigator ; Nataliya V. Hryshechko, Susan Land, archaeolgists. 
246 3 0 |a Site location and delineation 41HR80 Harris County Boys School 
246 3 0 |a Harris County Boys School 
264 1 |a Spring,Tex :  |b CRC, International Archaeology & Ecology,  |c 2002. 
300 |a 22 pages :  |b illustrations(some color), map ;  |c 28 cm. 
336 |a text  |b txt  |2 rdacontent 
337 |a unmediated  |b n  |2 rdamedia 
338 |a volume  |b nc  |2 rdacarrier 
500 |a Cover title. 
500 |a "Prepared for: Bay Area Rowing Club, League City, Harris County, Texas." 
500 |a "TAC permit: 2827." 
500 |a "CRC project number 020201." 
500 |a Cataloging copy lacks figures 1 and 4. 
504 |a Includes bibliographical references (leaf 22). 
650 0 |a Archaeological surveying  |z Texas  |z Harris County. 
650 0 |a Excavations (Archaeology)  |z Texas  |z Harris County. 
651 0 |a Harris County (Tex.)  |x Antiquities. 
700 1 |a Hryshechko, Nataliya V. 
700 1 |a Land, Susan  |c (Archaeologist) 
710 2 |a CRC, International Archaeology & Ecology. 
710 2 |a Texas Antiquities Committee. 
948 |a cataloged  |b h  |c 2006/2/23  |d c  |e rrojas/ ajeffcoat 
994 |a C0  |b TXA 
999 |a MARS 
999 f f |s bef9392a-6795-3994-87b1-5c88a1964f31  |i d51cef2a-14af-3797-88f9-c81576dbfe25  |t 0 
952 f f |p ric  |a Texas A&M University  |b Rellis Campus  |c Joint Library Facility  |d Remote Storage  |t 0  |e F392.H38 D356 2002  |h Library of Congress classification  |i unmediated -- volume  |m A14833900595 
998 f f |a F392.H38 D356 2002  |t 0  |l Remote Storage